| 000 | 00495nam a2200193Ia 4500 | ||
|---|---|---|---|
| 005 | 20230717102620.0 | ||
| 008 | 131103s9999 xx 000 0 und d | ||
| 040 | _aLoreto College | ||
| 041 | _aEnglish | ||
| 082 |
_a915.4 _bTOT |
||
| 100 | _aTottenham, L. L. | ||
| 245 |
_aHighnesses of hindostan _cby L. L. Tottenham |
||
| 260 |
_aLondon _bGrayson & Grayson _c1934 |
||
| 300 |
_a331 p. _b ill. |
||
| 504 | _aIncludes index | ||
| 650 | _aIndia - Geography | ||
| 850 | _aLCLIB | ||
| 942 | _cBK | ||
| 999 |
_c3344 _d53823 |
||